Statystyki dla Tytuły programów Stand-up

Kliknij tutaj aby rozwiązać quiz!

Ogólne statystyki

  • Ten quiz został rozwiązany 34 razy
  • Średni wynik to 26 z 43

Statystyki odpowiedzi

Nazwa ProgramuRokDo kogo należy% Poprawnych
BANG2018Kacper Ruciński
86%
Zespół HAJSpergera2019Olka Szczęśniak
75%
Oczy Tygrysa2018Piotr Zola Szulowski
75%
BANG2018Rafał Pacześ
75%
Ludzie trzymajcie kapelusze2017Abelard Giza
71%
Numer 32018Abelard Giza
71%
Król Piaskownicy2019Mateusz Socha
71%
Dystans krytyczny2018Olka Szczęśniak
71%
Proteus Vulgaris2016Abelard Giza
68%
Strach na wróble2018Adam Van Bendler
68%
BAŁAGAN NA STRYCHU2020Łukasz Lotek Lodkowski
68%
BANG2018Łukasz Lotek Lodkowski
68%
Zaczynam Rozumieć2017Rafał Pacześ
68%
Światło w tunelu2020Adam Van Bendler
64%
FLASHBACK2019Grzegorz Dolniak
64%
To tylko żarty2019Paweł Chałupka
64%
Puder Do Cery Zimnej2018Rafał Pacześ
64%
BANG 22020Rafał Pacześ
64%
KLAMKA ZAPADŁA2018Grzegorz Dolniak
61%
Po piąte: Nie dobijaj!2016Kacper Ruciński
61%
WINNA2019Katarzyna Piasecka
61%
BEZ FILTRA2017Katarzyna Piasecka
61%
Zróbmy coś szalonego!2018Mateusz Socha
61%
Hihilista2019Mieszko Minkiewicz
61%
Everyman2017Antoni Syrek-Dąbrowski
57%
Sierpień2017Antoni Syrek-Dąbrowski
57%
Rozgłos2018Błażej Krajewski
57%
W PUNKT2018Łukasz Lotek Lodkowski
57%
Półczłowiek, półgłówek2020Piotr Szumowski
57%
DWA PLUS JEDEN2019Piotr Zola Szulowski
57%
Norma2019Antoni Syrek-Dąbrowski
54%
Klasyk2018Bartosz Zalewski
54%
Bóg jest mięsożerny2019Kacper Ruciński
54%
W związku z tym2018Mieszko Minkiewicz
54%
Komik Dookoła Świata2018Piotr Szumowski
54%
Burdel2018Maciej Brudzewski
50%
Wszystko pod kontrolą2018Michał Leja
50%
Piniata2020Abelard Giza
46%
Homar z Biedronki2019Rafał Rutkowski
46%
Pełna Alienacja2017Bartosz Zalewski
43%
Myślę, więc gadam2018Tomasz Nowaczyk
43%
Opcja jest tego typu2017Cezary Jurkiewicz
39%
Cham Solo2016Tomasz Nowaczyk
32%

Rozkład punktacji

Percentyl według liczby udzielonych odpowiedzi

Procent ludzi z każdym wynikiem

Twoja historia wyników

Nie rozwiązałeś tego quizu